[Event "Mlada Boleslav Region-ch U14"]
[Site "Mlada Boleslav"]
[Date "2017.06.25"]
[Round "7"]
[White "Jelinek, Oliver"]
[Black "Mosovsky, Jakub"]
[Result "1/2-1/2"]
[WhiteElo "1226"]
[BlackElo "1390"]
[PlyCount "172"]
[EventDate "2017.06.24"]
[EventType "swiss"]
[EventRounds "7"]
[EventCountry "CZE"]
[SourceTitle "CBM 179 Extra"]
[Source "ChessBase"]
[SourceDate "2017.08.23"]
[SourceVersion "1"]
[SourceVersionDate "2017.08.23"]
[SourceQuality "1"]

1. d4 d5 2. Nf3 Nf6 3. e3 e6 4. c4 Nc6 5. cxd5 exd5 6. Bb5 Bd7 7. Nc3 Bb4 8. Bd2 Qe7 9. 0-0 Bxc3 10. Bxc3 Ne4 11. Qc2 0-0 12. a3 a6 13. Bxc6 Bxc6 14. Bb4 Nd6 15. Ne5 Bb5 16. Rfc1 Rac8 17. a4 Bd7 18. Qb3 Be6 19. Bxd6 cxd6 20. Qb4 a5 21. Qa3 Rfe8 22. Nd3 Qd7 23. Nf4 Ra8 24. Nxe6 Rxe6 25. Rc2 b5 26. axb5 Qxb5 27. Rac1 Qd7 28. Rc7 Qd8 29. Qb3 Re7 30. Rxe7 Qxe7 31. Qxd5 Qd8 32. Rc6 Rc8 33. Qxd6 h6 34. Qxd8+ Rxd8 35. h3 Rb8 36. Rc4 Ra8 37. Rc1 Kf8 38. Kf1 Ke7 39. Ke2 Kd6 40. Kd3 Rb8 41. Rc2 f5 42. Kc3 Kc6 43. b3 Kb5 44. Kb2 Ka6 45. Rc6+ Kb7 46. Rc5 Ka6 47. Rxf5 a4 48. Rc5 Rxb3+ 49. Ka2 Rd3 50. Rc2 Kb5 51. Rb2+ Kc4 52. Rc2+ Kb4 53. Kb2 Rb3+ 54. Ka1 Ra3+ 55. Ra2 Rd3 56. Rb2+ Ka3 57. g3 Rd1+ 58. Rb1 Rd2 59. Rb5 Rd1+ 60. Rb1 Rd2 61. Re1 Ra2+ 62. Kb1 Rb2+ 63. Kc1 Ka2 64. d5 Rb1+ 65. Kd2 Rb5 66. e4 Kb2 67. d6 Rb7 68. e5 Rd7 69. Ke3 a3 70. e6 Rxd6 71. e7 Re6+ 72. Kd2 Rd6+ 73. Ke2 Re6+ 74. Kf1 Rxe1+ 75. Kxe1 a2 76. e8Q a1Q+ 77. Ke2 Qa6+ 78. Kf3 Qf6+ 79. Kg2 Kc3 80. Qe3+ Kc2 81. Qe2+ Kc1 82. f3 h5 83. h4 g5 84. Qe3+ Kd1 85. Qxg5 Qf7 86. Kh3 Qxf3 1/2-1/2